Teoría del Conocimiento
Պահպանված է:
| Հիմնական հեղինակ: | |
|---|---|
| Ձևաչափ: | Գիրք |
| Լեզու: | Undetermined |
| Հրապարակվել է: |
Buenos Aires, Argentina
Editorial Losada
1938
|
| Խորագրեր: | |
| Ցուցիչներ: |
Ավելացրեք ցուցիչ
Չկան պիտակներ, Եղեք առաջինը, ով նշում է այս գրառումը!
|
MARC
| LEADER | 00000nam a2200000Ia 4500 | ||
|---|---|---|---|
| 008 | 170316s9999 xx 000 0 und d | ||
| 090 | |a 100 H-25t | ||
| 100 | |a Hessen, J. | ||
| 245 | |a Teoría del Conocimiento | ||
| 260 | |a Buenos Aires, Argentina | ||
| 260 | |b Editorial Losada | ||
| 260 | |c 1938 | ||
| 300 | |a 173 páginas | ||
| 650 | |a FILOSOFÍA | ||
| 650 | |a EPISTEMOLOGÍA | ||
| 999 | |c 16477 |d 16477 | ||
| 040 | |a cru BVZT | ||
| 942 | |c 15 D |h 100 H-25t |2 z | ||
